Countries that Will Grow the Most by 2050 - Statistics

General Stats
  • This quiz has been taken 51 times
  • The average score is 8 of 10
Answer Stats
Population Growth Country % Correct
253,320,000 India
98%
40,840,000 Niger
95%
158,920,000 Nigeria
95%
131,980,000 Pakistan
91%
41,720,000 Indonesia
86%
49,350,000 Egypt
84%
118,480,000 Democratic Republic of the Congo
77%
91,430,000 Ethiopia
77%
42,330,000 Philippines
70%
64,430,000 Tanzania
64%
No matching quizzes found
Score Distribution
Percent of People with Each Score
Percentile by Number Answered
Your Score History
You have not taken this quiz